| 000 | 00633nam a2200229Ia 4500 | ||
|---|---|---|---|
| 003 | OSt | ||
| 005 | 20230511114227.0 | ||
| 008 | 210423s2012 xx 000 0 und d | ||
| 020 | _a978-93-81141-32-8 | ||
| 040 | _cAL | ||
| 041 | _aeng | ||
| 082 | _a515 SIDC | ||
| 100 |
_aSIDDIQI (A H);MANCHANDA (Pammy);BAOKATE (M) _9102784 |
||
| 245 | _aCalculus with applications | ||
| 260 |
_aNew Delhi _bI K International Publishing House _c2012 |
||
| 300 |
_axiii,594p _bPB |
||
| 365 |
_b445 _cINR |
||
| 650 |
_aMathematical Analysis _9102785 |
||
| 650 |
_aMathematics _9102786 |
||
| 906 | _aapplications ; Calculus | ||
| 942 |
_2ddc _cBK |
||
| 999 |
_c165940 _d165940 |
||